000 01066nam a2200277 i 4500
001 bg
100 1 _aKOZIELSKA, Maria
245 1 0 _aWpływ wielostronnego studiowania wspomaganego komputerem na aktywność poznawczą studentów /
_cMaria Kozielska.
260 _aPoznań :
_bWydaw. PP,
_c1997.
300 _a220 s. :
_bwykr. ;
_c24 cm.
490 1 _aRozprawy / Politechnika Poznańska,
_x0551-6528 ;
_vnr 316
504 _aBibliogr. s. 206-219. - Summ.
650 9 _aEksperyment
_xstosowanie
_xszkolnictwo wyższe
650 9 _aFizyka
_xnauczanie
_xszkolnictwo wyższe
_xbadanie
650 9 _aKomputery
_xstosowanie
_xszkolnictwo wyższe
650 9 _aPomoce naukowe
_xstosowanie
_xszkolnictwo wyższe
650 9 _aPoznanie
_xbadanie
650 9 _aTechnika
_xszkolnictwo wyższe
_xnauczanie
_xorganizacja
650 9 _aUczenie się
_xmetody
830 0 _aRozprawy (Politechnika Poznańska) ;
_vnr 316
040 _cBPK
041 0 _apl
_ben
080 _a378:372.862+372.853:372.868.13:159.95:37.041
942 _cKS
008 s pl f |000 0 pol
999 _c31643
_d31643
856 _uhttp://koha.tu.koszalin.pl/cgi-bin/koha/opac-detail.pl?biblionumber=31643
_yKatalog online BPK